CAROLYN 101 BUSINESS LESSONS FROM THE AP (Record no. 9632)

MARC details
000 -LEADER
fixed length control field 00355nam a2200133Ia 4500
008 - FIXED-LENGTH DATA ELEMENTS--GENERAL INFORMATION
fixed length control field 240624s9999 xx 000 0 und d
041 ## - LANGUAGE CODE
Language code of text/sound track or separate title eng
082 ## - DEWEY DECIMAL CLASSIFICATION NUMBER
Classification number 658.4092 KEP
100 ## - MAIN ENTRY--PERSONAL NAME
Personal name KEPCHER CAROLYN
245 ## - TITLE STATEMENT
Title CAROLYN 101 BUSINESS LESSONS FROM THE AP
260 ## - PUBLICATION, DISTRIBUTION, ETC.
Date of publication, distribution, etc. 2005
Place of publication, distribution, etc. New York
Name of publisher, distributor, etc. A Fireside Book
300 ## - PHYSICAL DESCRIPTION
Extent xi, : 222 : p. : cm. ; 21
365 ## - TRADE PRICE
Currency code
Price amount 20
Holdings
Withdrawn status Lost status Damaged status Not for loan Home library Current library Shelving location Date acquired Source of acquisition Cost, normal purchase price Total Holds Full call number Barcode Date last seen Copy number Price effective from Koha item type
        IMTN IMTN Rack 29-B 09/17/2008 WBD 15.00 358 658.4092 KEP 9632 06/24/2024 45.2 06/24/2024 Books
Designed & Maintained by: LRC IMT Nagpur Contact: lrc@imtnag.ac.in© 2024. All Rights Reserved.